| 000 | 00352nam a2200133Ia 4500 | ||
|---|---|---|---|
| 008 | 220204s9999 xx 000 0 und d | ||
| 082 |
_a070.421:67 _bMAN |
||
| 100 | _aMann, Charles | ||
| 245 | 0 | _aEditing for industry: The production of house journals | |
| 260 |
_aLondon _bHeinemann _c1974 |
||
| 650 | _aJournalism | ||
| 650 | _aPrinting | ||
| 942 | _cBK | ||
| 999 |
_c24301 _d24301 |
||